000 00824nam a2200289Ia 4500
005 20260324150346.0
008 008 260324s9999 xx 000 0 eng d
020 _a9781315031989
037 _aEBOOK
040 _aCRL
040 _beng
040 _cCRL
041 _2eng
041 _aeng
084 _qCRL
100 _aAlfred Fell
_91226145
245 4 _aThe Early Iron Industry of Furness and Districts
245 3 _bAn Historical and Descriptive Account from Earliest Times to the End of the Eighteenth Century with an Account of the Furness Ironmasters in Scotland 1726-1800
260 _bTaylor and Francis
260 _c1968
365 _a
365 _b240
856 _uhttp://www.taylorfrancis.com/books/9781315031989
942 _cEBOOK
999 _c1835463
_d1835463